00576nam a22001817a 450000500170000001000150001702000260003203500130005803700130007108200110008410000240009524501220011926000430024127000450028430000240032950000190035370000220037220140702115549.0 aENG-109747 a9788173818905c415.00 aEN-93280 bDBAD/PUB a540.76 aRay, Bidhan Chandra00aA Textbook on chemistry practical :cby Bidhan Chandra Ray [and] Satyanarayan Dasbfor BSc (Hons.) and MSc students / aKolkatabNew Central Book Agencyc2014 a8/1 Chintamoni Das LanebKolkatae700009 axi,586p.c25cm(pbk) aIncludes index aDas, Satyanarayan